000
00290nam a22001217a 4500
008
170202b xxu||||| |||| 00| 0 eng d
041
_a
eng
080
_a
61
100
_a
3
101
_a
SHM
245
_a
UDHEHEQES NE MESIMET PRAKTIKE TE MJEKESIS LIGJORE
_c
CUBERI BASHKIM
942
_2
udc
_c
BK
999
_c
4279
_d
4279